Statistics for Top 20 Biggest Cities by Their Football Club(s)

Click here to take the quiz!

General Stats

  • This quiz has been taken 18 times
  • The average score is 7 of 10

Answer Stats

NCityCountryClub (s)Population% Correct
9MumbaiIndia_______ City20.4m
94%
1TokyoJapanFC _____, Urawa Red Diamond,37.4m
94%
7CairoEgyptAl Ahly, Al Mokawloon, El-Sharkeyah, ENPPI, Future FC, National Bank, Pyramids FC, El Gaish,20.9m
88%
5Mexico CityMexicoAmérica, Cruz Azul, UNAM21.7m
88%
10OsakaJapanCerezo ________, Gamba __________19.1m
88%
4Sao PauloBrazilCorinthians, Palmeiras Red Bull Bragantino, _______ FC22m
88%
3ShanghaiChina______ Port, ______ Shenhua27.1m
88%
6DhakaBangladeshBashundhara Kings, Brothers Union, Sheikh Russel KC21m
71%
2DehliIndia______ FC30.3m
24%
8BeijjingChina________ Guoan20.5m
6%

Score Distribution

Percentile by Number Answered

Percent of People with Each Score

Your Score History

You have not taken this quiz